Statistiques concernant Sports par athlètes féminines.

Cliquez ici pour prendre le quiz!

Statistiques générales

  • Ce quiz a été pris 258 fois
  • Le résultat moyen est 10 sur 15

Statistiques - réponses

AthlètesSport% Correct
Laure ManaudouNatation
97%
Vénus WilliamTennis
96%
Marie-José PérecAthlétisme
94%
Ada HegerbergFootball
92%
Laura FlesselEscrime
84%
Céline DumercBasket-ball
83%
Perrine LaffontSki de bosse
80%
Jeannie LongoCyclisme
77%
Audrey TcheuméoJudo
76%
Marie-Claude PietragallaDanse
74%
Nadia ComăneciGymnastique
70%
Surya BonalyPatinage Artistique
62%
Florence ArthaudNavigation
49%
Catherine DestivelleAlpinisme
10%
Ana CarrascoMoto
7%

Distribution des résultats

Percentile par nombre de réponses

% des personnes avec chaque résultat

Votre développement - résultats

Vous n’avez pas pris ce quiz